000 00833nam a2200241 i 4500
001 bg
100 1 _aKRUČININ, Anatolij Mihajlovič.
245 1 0 _aPiece i urządzenia plazmowe.
_nCz. 1,
_pPiece i urządzenia plazmowe ciśnienia atmosferycznego /
_cAnatoli M. Kruczinin, Antoni Sawicki ; Politechnika Częstochowska.
260 _aCzęstochowa :
_bWydaw. PC,
_c2001.
300 _a187 s. :
_bil. ;
_c24 cm.
650 9 _aPlazma (fiz.)
_xurządzenia
700 1 _aSAWICKI, Antoni.
710 0 _aPolitechnika Częstochowska
020 _a8371931468 (cz. 1)
020 _a837193145X (całość)
040 _cBPK
041 0 _apl
080 _a533.9:537.5:621.365:621.791/.795:669.041
920 _a83-7193-146-8 (cz. 1)
920 _a83-7193-145-X (całość)
942 _cKS
008 s pl f |000 0 pol
999 _c42148
_d42148
856 _uhttp://koha.tu.koszalin.pl/cgi-bin/koha/opac-detail.pl?biblionumber=42148
_yKatalog online BPK